[Event "CZE-chT2F 1516"]
[Site "Czech Republic"]
[Date "2016.04.18"]
[Round "11.43"]
[White "Vratny, Radim"]
[Black "Vrana, Frantisek"]
[Result "1/2-1/2"]
[WhiteElo "2179"]
[BlackElo "2207"]
[PlyCount "43"]
[EventDate "2015.10.18"]
[EventType "team-tourn"]
[EventRounds "11"]
[EventCountry "CZE"]
[SourceTitle "EXT 2022"]
[Source "ChessBase"]
[SourceDate "2021.10.06"]
[SourceVersion "1"]
[SourceVersionDate "2021.10.06"]
[SourceQuality "1"]
[WhiteTeam "Ostrava Labortech II"]
[BlackTeam "Stare Mesto II"]
[WhiteTeamCountry "CZE"]
[BlackTeamCountry "CZE"]

1. e4 e6 2. d4 d5 3. e5 c5 4. c3 Qb6 5. Nf3 Nc6 6. a3 c4 7. Nbd2 Na5 8. Be2 Bd7 9. 0-0 Rc8 10. Ng5 h6 11. Nh3 Ne7 12. Nf4 g6 13. Re1 Bg7 14. h4 h5 15. Rb1 Nb3 16. Nxb3 Ba4 17. Nh3 Bxb3 18. Qd2 Bh6 19. Ng5 Nf5 20. g3 Rc6 21. Bf3 Qd8 22. Qe2 1/2-1/2

[Event "CZE-chT2F 1516"]
[Site "Czech Republic"]
[Date "2016.02.21"]
[Round "8.23"]
[White "Langner, Ladislav"]
[Black "Vratny, Radim"]
[Result "1-0"]
[WhiteElo "2366"]
[BlackElo "2179"]
[PlyCount "73"]
[EventDate "2015.10.18"]
[EventType "team-tourn"]
[EventRounds "11"]
[EventCountry "CZE"]
[SourceTitle "EXT 2022"]
[Source "ChessBase"]
[SourceDate "2021.10.06"]
[SourceVersion "1"]
[SourceVersionDate "2021.10.06"]
[SourceQuality "1"]
[WhiteTeam "Trinec II"]
[BlackTeam "Ostrava Labortech II"]
[WhiteTeamCountry "CZE"]
[BlackTeamCountry "CZE"]

1. e4 c5 2. d4 cxd4 3. c3 d5 4. exd5 Qxd5 5. cxd4 Nf6 6. Nc3 Qa5 7. Nf3 g6 8. Bc4 e6 9. 0-0 Bg7 10. d5 0-0 11. dxe6 Bxe6 12. Bxe6 fxe6 13. Re1 Nd5 14. Qb3 Nxc3 15. Qxe6+ Kh8 16. Bd2 Nc6 17. Bxc3 Bxc3 18. bxc3 Qxc3 19. Rad1 Rad8 20. Rxd8 Nxd8 21. Qd7 Qf6 22. h4 a5 23. a4 b6 24. Re7 Nf7 25. Re6 Qd8 26. Qb5 Qd1+ 27. Kh2 Kg8 28. Rxb6 Qc2 29. Qxa5 Qxf2 30. Qa7 Qc2 31. Rb8 Qf5 32. Rxf8+ Kxf8 33. Qb8+ Kg7 34. Qc7 Kg8 35. a5 Nh6 36. Qb8+ Kg7 37. Qe5+ 1-0

[Event "Ostrava Konik op-A"]
[Site "Ostrava"]
[Date "2007.??.??"]
[Round "3"]
[White "Kaczmarek, Piotr1111"]
[Black "Vratny, Radim"]
[Result "0-1"]
[WhiteElo "2055"]
[BlackElo "2235"]
[PlyCount "60"]
[EventDate "2007.05.??"]
[EventType "swiss"]
[EventRounds "9"]
[EventCountry "CZE"]
[SourceTitle "EXT 2010"]
[Source "ChessBase"]
[SourceDate "2010.11.25"]
[SourceVersion "1"]
[SourceVersionDate "2010.11.25"]
[SourceQuality "1"]

1. e4 c5 2. g3 Nc6 3. Bg2 d6 4. d3 g6 5. Nc3 Bg7 6. Be3 e6 7. Nge2 Rb8 8. Qc1 a6 9. h4 h5 10. 0-0 Nge7 11. Rd1 e5 12. Nd5 Nxd5 13. exd5 Ne7 14. Re1 0-0 15. Bh6 b5 16. Bxg7 Kxg7 17. c4 bxc4 18. dxc4 Qb6 19. b3 f5 20. Qg5 Qd8 21. Nf4 Kh7 22. Bf3 Rb7 23. Bxh5 exf4 24. Re2 gxh5 25. Rae1 Ng6 26. Qxh5+ Kg7 27. Re6 Bxe6 28. Rxe6 Rf6 29. Qg5 Rd7 30. h5 Rxe6 0-1

[Event "Ostrava Konik op-A"]
[Site "Ostrava"]
[Date "2007.??.??"]
[Round "7"]
[White "Vratny, Radim"]
[Black "Chudinovskih, Alexander N"]
[Result "0-1"]
[WhiteElo "2235"]
[BlackElo "2395"]
[PlyCount "58"]
[EventDate "2007.05.??"]
[EventType "swiss"]
[EventRounds "9"]
[EventCountry "CZE"]
[SourceTitle "EXT 2010"]
[Source "ChessBase"]
[SourceDate "2010.11.25"]
[SourceVersion "1"]
[SourceVersionDate "2010.11.25"]
[SourceQuality "1"]

1. e4 e5 2. Nf3 Nc6 3. Bb5 a6 4. Ba4 Nf6 5. d4 exd4 6. 0-0 Be7 7. e5 Ne4 8. Nxd4 0-0 9. Nf5 d5 10. Bxc6 bxc6 11. Nxe7+ Qxe7 12. Re1 Re8 13. f3 Nd6 14. b3 f6 15. Bb2 Nf7 16. f4 Bf5 17. Nd2 fxe5 18. fxe5 Ng5 19. Kh1 Qd7 20. Qh5 h6 21. c4 d4 22. Qh4 c5 23. Ba3 Qc6 24. Qg3 Re6 25. h4 Ne4 26. Nxe4 Bxe4 27. Re2 Rae8 28. Bxc5 Rg6 29. Qh3 d3 0-1

[Event "Ostrava Konik op-A"]
[Site "Ostrava"]
[Date "2007.??.??"]
[Round "4"]
[White "Vratny, Radim"]
[Black "Firt, Stanislav"]
[Result "1/2-1/2"]
[WhiteElo "2235"]
[BlackElo "2335"]
[PlyCount "29"]
[EventDate "2007.05.??"]
[EventType "swiss"]
[EventRounds "9"]
[EventCountry "CZE"]
[SourceTitle "EXT 2010"]
[Source "ChessBase"]
[SourceDate "2010.11.25"]
[SourceVersion "1"]
[SourceVersionDate "2010.11.25"]
[SourceQuality "1"]

1. e4 c5 2. Nf3 d6 3. d4 cxd4 4. Nxd4 Nf6 5. Nc3 Nc6 6. Bc4 e6 7. Bb3 a6 8. 0-0 Be7 9. Kh1 0-0 10. f4 Nxd4 11. Qxd4 b5 12. a3 Bb7 13. f5 e5 14. Qd3 Rc8 15. Bg5 1/2-1/2

[Event "Ostrava Konik op-A"]
[Site "Ostrava"]
[Date "2007.??.??"]
[Round "9"]
[White "Vratny, Radim"]
[Black "Rakus, Pavel"]
[Result "1-0"]
[WhiteElo "2210"]
[BlackElo "2080"]
[PlyCount "69"]
[EventDate "2007.05.??"]
[EventType "swiss"]
[EventRounds "9"]
[EventCountry "CZE"]
[SourceTitle "EXT 2010"]
[Source "ChessBase"]
[SourceDate "2010.11.25"]
[SourceVersion "1"]
[SourceVersionDate "2010.11.25"]
[SourceQuality "1"]

1. e4 c5 2. Nf3 Nc6 3. d4 cxd4 4. Nxd4 Nf6 5. Nc3 e5 6. Ndb5 d6 7. Bg5 a6 8. Na3 b5 9. Nd5 Be7 10. Bxf6 Bxf6 11. c3 0-0 12. Nc2 Bg5 13. a4 bxa4 14. Rxa4 a5 15. Bc4 Bd7 16. Ra2 Kh8 17. 0-0 f5 18. exf5 Bxf5 19. Nce3 Be6 20. b3 Ne7 21. Nxe7 Qxe7 22. Bxe6 Qxe6 23. Nd5 Qg6 24. Nb6 Ra6 25. Nc4 Rfa8 26. Qd5 h5 27. Rxa5 Rxa5 28. Nxa5 Rc8 29. Nc4 Bh6 30. b4 Qc2 31. Nxd6 Rxc3 32. Qxe5 Rb3 33. Qxh5 Rb1 34. Nf7+ Kh7 35. Ng5+ 1-0

[Event "Ostrava CEZ op"]
[Site "Ostrava"]
[Date "2006.05.03"]
[Round "5"]
[White "Poloch, Petr"]
[Black "Vratny, Radim"]
[Result "1-0"]
[WhiteElo "2287"]
[BlackElo "2210"]
[PlyCount "113"]
[EventDate "2006.04.29"]
[EventType "swiss"]
[EventRounds "9"]
[EventCountry "CZE"]
[SourceTitle "EXT 2008"]
[Source "ChessBase"]
[SourceDate "2007.11.25"]
[SourceVersion "1"]
[SourceVersionDate "2007.11.25"]
[SourceQuality "1"]

1. e4 c5 2. Nf3 Nc6 3. Bb5 g6 4. c3 Bg7 5. d4 cxd4 6. cxd4 Qb6 7. Nc3 Nh6 8. Nd5 Qd8 9. Bg5 f6 10. Bf4 d6 11. 0-0 Bd7 12. Bc4 Nf7 13. Be3 Na5 14. Bd3 0-0 15. Qd2 Nc6 16. h3 Rc8 17. Rfc1 e6 18. Nf4 Re8 19. d5 exd5 20. exd5 Nce5 21. Nd4 Nxd3 22. Qxd3 Qa5 23. Qb3 Qa6 24. Nfe6 Rxc1+ 25. Rxc1 Rc8 26. Rxc8+ Bxc8 27. Qc3 b5 28. Nxb5 Bd7 29. Nbd4 Qb7 30. Nxg7 Kxg7 31. Ne6+ Bxe6 32. dxe6 Nd8 33. Qd4 Nxe6 34. Qxa7 Qxa7 35. Bxa7 Kf7 36. Kf1 Ke7 37. g3 d5 38. Ke2 Kd6 39. Kd3 h5 40. Bd4 f5 41. h4 f4 42. b4 fxg3 43. fxg3 g5 44. a4 gxh4 45. gxh4 Nf4+ 46. Kd2 Ng6 47. Bf2 d4 48. a5 Kc6 49. a6 Ne5 50. b5+ Kxb5 51. a7 Nc4+ 52. Kd3 Nb6 53. Bxd4 Na8 54. Ke4 Kc6 55. Kf5 Kb7 56. Kg5 Nc7 57. Kxh5 1-0

[Event "Ostrava CEZ op"]
[Site "Ostrava"]
[Date "2006.04.30"]
[Round "2"]
[White "Firt, Stanislav"]
[Black "Vratny, Radim"]
[Result "1-0"]
[WhiteElo "2352"]
[BlackElo "2210"]
[PlyCount "77"]
[EventDate "2006.04.29"]
[EventType "swiss"]
[EventRounds "9"]
[EventCountry "CZE"]
[SourceTitle "EXT 2008"]
[Source "ChessBase"]
[SourceDate "2007.11.25"]
[SourceVersion "1"]
[SourceVersionDate "2007.11.25"]
[SourceQuality "1"]

1. e4 c5 2. Nf3 d6 3. d4 cxd4 4. Nxd4 Nf6 5. Nc3 Nc6 6. Bg5 e6 7. Qd2 Be7 8. 0-0-0 a6 9. f4 Qc7 10. Kb1 Bd7 11. Nf3 0-0-0 12. Bd3 Be8 13. Qe2 Nd7 14. Bxe7 Nxe7 15. Bxa6 Nc5 16. Bb5 Qb6 17. e5 d5 18. Bxe8 Rdxe8 19. Nd4 Kb8 20. Ndb5 Nc6 21. h4 Re7 22. Rh3 Rd8 23. Nd6 f6 24. Ncb5 fxe5 25. fxe5 Nd7 26. Nxb7 Kxb7 27. Nd6+ Ka8 28. Rb3 Qc7 29. Qa6+ Na7 30. Rb7 Qc5 31. b4 Qe3 32. Qa5 Rb8 33. Qc7 Qa3 34. c3 Qa4 35. Rc1 Qa6 36. Rxb8+ Nxb8 37. Qxe7 Nac6 38. Qc7 Qa7 39. Qxa7+ 1-0

[Event "CZE-chT2f 0506"]
[Site "Czech Republic"]
[Date "2005.10.16"]
[Round "1.1"]
[White "Vratny, Radim"]
[Black "Caletka, Radomir"]
[Result "1-0"]
[WhiteElo "2204"]
[BlackElo "2159"]
[PlyCount "131"]
[EventDate "2005.10.16"]
[EventType "team"]
[EventRounds "11"]
[EventCountry "CZE"]
[SourceTitle "EXT 2009"]
[Source "ChessBase"]
[SourceDate "2008.11.26"]
[SourceVersion "1"]
[SourceVersionDate "2008.11.26"]
[SourceQuality "1"]

1. e4 c5 2. Nf3 e6 3. Nc3 a6 4. d4 cxd4 5. Nxd4 Qc7 6. g3 Nf6 7. Bg2 d6 8. 0-0 Be7 9. Be3 0-0 10. h3 Nc6 11. Nce2 Bd7 12. c4 Rfd8 13. Rc1 Rac8 14. b3 Bf8 15. Nc3 Qb8 16. Qe2 Be8 17. f4 Nd7 18. Kh2 Nc5 19. f5 Nxd4 20. Bxd4 e5 21. Be3 Bc6 22. b4 Na4 23. Nxa4 Bxa4 24. Bb6 Re8 25. b5 axb5 26. cxb5 Rxc1 27. Rxc1 Rc8 28. Rc4 Rxc4 29. Qxc4 Qa8 30. Bf3 g6 31. h4 Kg7 32. fxg6 hxg6 33. Be2 Be7 34. Qc7 Qe8 35. Qc4 Qa8 36. Kg2 Kf6 37. Qc1 Qe8 38. Qc4 Qa8 39. Qd5 Kg7 40. Bc4 Qe8 41. Be3 Bc2 42. Qxb7 f5 43. Bd5 Bxe4+ 44. Bxe4 fxe4 45. Bg5 Kf8 46. Bh6+ Kg8 47. Qd5+ Kh7 48. Be3 Qf8 49. Qxe4 Qf7 50. a4 Qa2+ 51. Bf2 Qe6 52. h5 d5 53. Qxg6+ Qxg6 54. hxg6+ Kxg6 55. b6 d4 56. Kf3 d3 57. Be1 Kf5 58. g4+ Ke6 59. Ke4 Bc5 60. a5 Kd6 61. Kxd3 Kd5 62. Ke2 Ke4 63. Bg3 Bd4 64. b7 Ba7 65. Bf2 Bb8 66. a6 1-0

[Event "Ostrava SME op"]
[Site "Ostrava"]
[Date "2005.05.06"]
[Round "7"]
[White "Vratny, Radim"]
[Black "Papan, Cyril"]
[Result "1-0"]
[WhiteElo "2212"]
[BlackElo "2076"]
[PlyCount "135"]
[EventDate "2005.04.30"]
[EventType "swiss"]
[EventRounds "9"]
[EventCountry "CZE"]
[SourceTitle "CBM 106 Extra"]
[Source "ChessBase"]
[SourceDate "2005.07.01"]
[SourceVersion "1"]
[SourceVersionDate "2005.07.01"]
[SourceQuality "1"]

1. e4 d5 2. exd5 Qxd5 3. Nc3 Qa5 4. d4 Nf6 5. Nf3 Bf5 6. Bd2 c6 7. Ne4 Qc7 8. Nxf6+ gxf6 9. g3 Nd7 10. Bg2 Bg7 11. 0-0 e5 12. Nh4 Be6 13. Be3 Nb6 14. dxe5 fxe5 15. Qh5 0-0-0 16. Rad1 Nd5 17. Bd2 Nf6 18. Qe2 Rd4 19. b3 Rhd8 20. Bc3 Rxd1 21. Rxd1 Rxd1+ 22. Qxd1 Nd5 23. Bb2 Qa5 24. c4 Nf6 25. a3 Ng4 26. h3 Nf6 27. Nf3 e4 28. Nd2 Qd8 29. Qe2 Qd3 30. Qxd3 exd3 31. Bc3 h5 32. Kf1 Bh6 33. Ke1 Nd7 34. h4 Bf5 35. f4 Kc7 36. Ne4 Bf8 37. b4 Be6 38. Nd2 Nb6 39. c5 Nd5 40. Be5+ Kc8 41. Bd4 Ne7 42. Nf1 Nf5 43. Bc3 Ne7 44. Ne3 Nf5 45. Nxf5 Bxf5 46. Kd2 Kd7 47. Bf3 Bg6 48. g4 a5 49. f5 Bh7 50. Kxd3 axb4 51. axb4 Be7 52. Be1 hxg4 53. Bxg4 Bf6 54. Ke4 Bb2 55. Be2 Ke7 56. Bd2 Ke8 57. b5 Kd7 58. b6 Bg7 59. Be3 Bf6 60. Bg5 Bg7 61. Bc4 Bg8 62. f6 Bf8 63. Be3 Bh7+ 64. Ke5 Bg6 65. Be2 Ke8 66. h5 Bh7 67. h6 Bg6 68. Bg4 1-0

[Event "Ostrava SME op"]
[Site "Ostrava"]
[Date "2005.05.01"]
[Round "2"]
[White "Vratny, Radim"]
[Black "Tylecek, Drahomir"]
[Result "1-0"]
[WhiteElo "2212"]
[BlackElo "2031"]
[PlyCount "73"]
[EventDate "2005.04.30"]
[EventType "swiss"]
[EventRounds "9"]
[EventCountry "CZE"]
[SourceTitle "CBM 106 Extra"]
[Source "ChessBase"]
[SourceDate "2005.07.01"]
[SourceVersion "1"]
[SourceVersionDate "2005.07.01"]
[SourceQuality "1"]

1. e4 e5 2. Bc4 Nf6 3. d3 Nc6 4. Nf3 Be7 5. c3 d6 6. Nbd2 0-0 7. Bb3 d5 8. 0-0 dxe4 9. dxe4 a6 10. a4 Bc5 11. Qe2 Qe7 12. Nc4 h6 13. Ne3 Rd8 14. Nd5 Nxd5 15. exd5 e4 16. Ne1 Na7 17. Bf4 Bf5 18. Nc2 c6 19. Rad1 cxd5 20. Bxd5 Nc6 21. Ne3 Bg6 22. Nc4 a5 23. Qg4 Qf6 24. Rd2 Ne7 25. Bxb7 Rxd2 26. Bxd2 Bf5 27. Qf4 Rd8 28. Qc7 Rxd2 29. Nxd2 e3 30. Qd8+ Kh7 31. fxe3 Bb6 32. Rxf5 Bxe3+ 33. Kh1 Nxf5 34. Qxf6 gxf6 35. Nc4 Bc5 36. Be4 Kg6 37. g4 1-0

[Event "Pracov op"]
[Site "Pracov"]
[Date "2004.??.??"]
[Round "8"]
[White "Vratny, Radim"]
[Black "Bernasek, Vaclav"]
[Result "1-0"]
[WhiteElo "2240"]
[BlackElo "1980"]
[PlyCount "65"]
[EventDate "2004.??.??"]
[EventType "swiss"]
[EventRounds "9"]
[EventCountry "CZE"]
[SourceTitle "EXT 2007"]
[Source "ChessBase"]
[SourceDate "2006.11.23"]
[SourceVersion "1"]
[SourceVersionDate "2006.11.23"]
[SourceQuality "1"]

1. e4 c5 2. Nf3 e6 3. d4 cxd4 4. Nxd4 a6 5. Bd3 b5 6. a4 b4 7. 0-0 Qc7 8. Nd2 Nc6 9. Nxc6 dxc6 10. Nc4 a5 11. Be3 c5 12. f4 Bb7 13. Qe2 Nf6 14. Bf2 Be7 15. Bg3 0-0 16. f5 Qc6 17. Rae1 exf5 18. Rxf5 g6 19. Rf3 Nh5 20. Bf2 Qc7 21. Be3 f5 22. Bc1 Bf6 23. e5 Bxf3 24. Qxf3 Rfe8 25. Nd6 Qxd6 26. exd6 Rxe1+ 27. Kf2 Rae8 28. Qd5+ Kh8 29. d7 Bd4+ 30. Kf3 R8e3+ 31. Bxe3 Rxe3+ 32. Kf2 Rxd3+ 33. Kf1 1-0

[Event "Ostrava op-A"]
[Site "Ostrava"]
[Date "2003.05.11"]
[Round "10"]
[White "Vratny, Radim"]
[Black "Kozak, Milos"]
[Result "1-0"]
[WhiteElo "2169"]
[BlackElo "2235"]
[PlyCount "113"]
[EventDate "2003.05.03"]
[EventType "swiss"]
[EventRounds "10"]
[EventCountry "CZE"]
[SourceTitle "EXT 2006"]
[Source "ChessBase"]
[SourceDate "2005.11.24"]
[SourceVersion "1"]
[SourceVersionDate "2005.11.24"]
[SourceQuality "1"]

1. e4 e5 2. Nf3 Nc6 3. Bb5 a6 4. Ba4 Nf6 5. d4 exd4 6. 0-0 Be7 7. e5 Ne4 8. Nxd4 0-0 9. Nf5 d5 10. Bxc6 bxc6 11. Nxe7+ Qxe7 12. Re1 Bb7 13. f3 Nc5 14. b3 Ne6 15. Ba3 c5 16. Nc3 Qd7 17. Qd2 Qc6 18. Rad1 Rad8 19. Qf2 Kh8 20. Na4 d4 21. Nb2 g5 22. Nc4 Ba8 23. Bc1 Rg8 24. Qg3 h6 25. Qg4 Rg6 26. Qf5 Kg7 27. h3 h5 28. Kf2 d3 29. Rxd3 Rd4 30. Rxd4 Nxd4 31. Qd3 g4 32. hxg4 hxg4 33. Bb2 gxf3 34. gxf3 Ne6 35. Qe3 Kf8 36. Nd2 Ng5 37. Rh1 Ke7 38. Ba3 Ne6 39. Ne4 Qd5 40. Bxc5+ Kd7 41. Ba3 Qa5 42. Rd1+ Kc8 43. Bb2 Rg8 44. Qd2 Qb6+ 45. Bd4 Qc6 46. Qc3 Nxd4 47. Rxd4 Qb6 48. Nd6+ Kb8 49. Qb4 Rg5 50. Qxb6+ cxb6 51. Nxf7 Rf5 52. Rd8+ Ka7 53. Rd7+ Kb8 54. e6 Bxf3 55. Ke3 Bc6 56. Rd6 Kc7 57. Rxc6+ 1-0

[Event "Ostrava op-A"]
[Site "Ostrava"]
[Date "2003.05.06"]
[Round "5"]
[White "Jaworski, Miroslaw"]
[Black "Vratny, Radim"]
[Result "1/2-1/2"]
[WhiteElo "2371"]
[BlackElo "2169"]
[PlyCount "147"]
[EventDate "2003.05.03"]
[EventType "swiss"]
[EventRounds "10"]
[EventCountry "CZE"]
[SourceTitle "EXT 2006"]
[Source "ChessBase"]
[SourceDate "2005.11.24"]
[SourceVersion "1"]
[SourceVersionDate "2005.11.24"]
[SourceQuality "1"]

1. Nf3 Nf6 2. c4 c5 3. g3 b6 4. Bg2 Bb7 5. 0-0 e6 6. Nc3 Be7 7. Re1 d6 8. e4 Nbd7 9. d4 cxd4 10. Nxd4 Qb8 11. f4 0-0 12. Be3 Rc8 13. b3 a6 14. Rc1 Bf8 15. g4 e5 16. Nf5 exf4 17. Bxf4 Ne5 18. g5 Nfd7 19. Qe2 Re8 20. Rcd1 Qc7 21. Nd5 Bxd5 22. Rxd5 f6 23. Red1 fxg5 24. Bxg5 Nf7 25. Bf4 Nde5 26. Bh3 Re6 27. Kh1 Rae8 28. Ng3 R6e7 29. Bf5 g6 30. Bh3 Bg7 31. Bc1 Rd8 32. Ba3 Ree8 33. Qd2 Bh6 34. Qg2 Kh8 35. Ne2 Nc6 36. Qf3 Qe7 37. Bb2+ Nfe5 38. Qg3 Rf8 39. Bg2 Kg8 40. a3 Rf6 41. Nd4 Nxd4 42. Bxd4 Bf4 43. Qc3 Rb8 44. b4 Rc8 45. c5 bxc5 46. bxc5 Qe8 47. Qb3 Qf7 48. Bh3 Rf8 49. cxd6 Bxh2 50. Qc2 Bg3 51. Qg2 Rf3 52. Bxe5 Bxe5 53. Rxe5 Qf4 54. Rf5 Rxh3+ 55. Qxh3 Qxe4+ 56. Kg1 Qxf5 57. Qxf5 gxf5 58. Rd5 Rd8 59. Kf2 Kf7 60. Kf3 Kf6 61. d7 Ke6 62. Ra5 Rxd7 63. Rxa6+ Ke5 64. Rh6 Ra7 65. a4 Rxa4 66. Rxh7 Ra3+ 67. Kf2 Ke4 68. Re7+ Kf4 69. Rb7 Ra2+ 70. Kf1 Kf3 71. Rb3+ Kg4 72. Rc3 f4 73. Rb3 f3 74. Rb8 1/2-1/2

[Event "Ostrava op-A"]
[Site "Ostrava"]
[Date "2003.05.05"]
[Round "4"]
[White "Vratny, Radim"]
[Black "Kantorik, Marian"]
[Result "1-0"]
[WhiteElo "2169"]
[BlackElo "2290"]
[PlyCount "112"]
[EventDate "2003.05.03"]
[EventType "swiss"]
[EventRounds "10"]
[EventCountry "CZE"]
[SourceTitle "EXT 2006"]
[Source "ChessBase"]
[SourceDate "2005.11.24"]
[SourceVersion "1"]
[SourceVersionDate "2005.11.24"]
[SourceQuality "1"]

1. e4 g6 2. d4 Bg7 3. Nf3 d6 4. Nc3 Nd7 5. Be2 e6 6. Be3 Ne7 7. Qd2 h6 8. 0-0-0 a6 9. h4 b5 10. d5 e5 11. Ne1 f5 12. f3 Nf6 13. Nd3 Bd7 14. h5 f4 15. Bf2 Nxh5 16. Rdg1 Qb8 17. g3 Nxg3 18. Bxg3 fxg3 19. Rxg3 Qb6 20. f4 0-0-0 21. fxe5 dxe5 22. a3 g5 23. Nd1 c6 24. Qb4 Ng6 25. dxc6 Bxc6 26. Bg4+ Kb8 27. Bf5 Nf4 28. Nc3 Rd4 29. Qe7 Qc7 30. Qxc7+ Kxc7 31. Re1 Rhd8 32. Nc5 Bf8 33. Ne6+ Nxe6 34. Bxe6 b4 35. Nd5+ Bxd5 36. exd5 a5 37. axb4 axb4 38. c3 Rf4 39. cxb4 Bxb4 40. Re2 Rdf8 41. Kc2 Kd6 42. Rh3 R8f6 43. Rhe3 Bc5 44. Rxe5 Bd4 45. R2e4 Rxe4 46. Rxe4 Rf2+ 47. Kd3 Bxb2 48. Ke3 Rh2 49. Kf3 h5 50. Kg3 Rd2 51. Kf3 Be5 52. Ra4 Rd3+ 53. Ke4 Rd1 54. Ra6+ Ke7 55. Kxe5 Re1+ 56. Kf5 g4 1-0

[Event "Ostrava op-A"]
[Site "Ostrava"]
[Date "2003.05.04"]
[Round "2"]
[White "Vratny, Radim"]
[Black "Firt, Stanislav"]
[Result "1/2-1/2"]
[WhiteElo "2169"]
[BlackElo "2344"]
[PlyCount "35"]
[EventDate "2003.05.03"]
[EventType "swiss"]
[EventRounds "10"]
[EventCountry "CZE"]
[SourceTitle "EXT 2006"]
[Source "ChessBase"]
[SourceDate "2005.11.24"]
[SourceVersion "1"]
[SourceVersionDate "2005.11.24"]
[SourceQuality "1"]

1. e4 c6 2. d4 d5 3. exd5 cxd5 4. Bd3 Nc6 5. c3 Nf6 6. Bf4 Bg4 7. Qb3 Na5 8. Qa4+ Bd7 9. Qc2 Qb6 10. Nd2 Bb5 11. Ngf3 Bxd3 12. Qxd3 e6 13. 0-0 Rc8 14. Rab1 Be7 15. Rfe1 Nc4 16. Nxc4 dxc4 17. Qe2 0-0 18. Ne5 1/2-1/2

[Event "MOR-chT2N 0203"]
[Site "Moravia"]
[Date "2003.03.02"]
[Round "9"]
[White "Vratny, Radim"]
[Black "Geffert, Michal"]
[Result "1-0"]
[WhiteElo "2134"]
[BlackElo "2094"]
[PlyCount "141"]
[EventDate "2002.10.??"]
[EventType "team"]
[EventRounds "11"]
[EventCountry "CZE"]
[SourceTitle "EXT 2006"]
[Source "ChessBase"]
[SourceDate "2005.11.24"]
[SourceVersion "1"]
[SourceVersionDate "2005.11.24"]
[SourceQuality "1"]

1. e4 e6 2. d4 d5 3. Nd2 Nf6 4. e5 Nfd7 5. Bd3 c5 6. c3 Nc6 7. Ne2 cxd4 8. cxd4 f6 9. exf6 Nxf6 10. 0-0 Bd6 11. Nf3 0-0 12. Nc3 a6 13. Bg5 Qc7 14. Bh4 Bd7 15. Bg3 Rae8 16. Re1 Kh8 17. Rc1 Bxg3 18. hxg3 Qd6 19. Bb1 e5 20. dxe5 Nxe5 21. Qd4 Nc6 22. Qh4 Qb4 23. Qxb4 Nxb4 24. Nd4 Nc6 25. Nce2 Ne4 26. Nf3 Bg4 27. Nf4 Nf6 28. Nd2 g5 29. Nd3 Rxe1+ 30. Rxe1 Re8 31. Rxe8+ Nxe8 32. Nc5 Bc8 33. Ncb3 Nd6 34. Kf1 Kg7 35. Ke2 h6 36. Bd3 Kf6 37. f3 Bf5 38. Nc5 Bxd3+ 39. Nxd3 b6 40. g4 Ke6 41. g3 Ne5 42. Nxe5 Kxe5 43. Kd3 Ne8 44. Nb3 Nf6 45. Nd4 h5 46. gxh5 Nxh5 47. Ne2 Ng7 48. f4+ gxf4 49. Nxf4 Nf5 50. Ne2 Nh6 51. Nd4 Ng4 52. Nf3+ Kd6 53. Kd4 Nh6 54. Nh4 Ng4 55. Nf5+ Ke6 56. Ne3 Nh6 57. g4 b5 58. b4 Nf7 59. Nxd5 Kd6 60. Nc3 Ne5 61. Ne4+ Ke6 62. Nf2 Kd6 63. Ke4 Ke6 64. g5 Nc6 65. Nd3 a5 66. bxa5 Nxa5 67. Nf4+ Kf7 68. Kf5 Nc4 69. g6+ Ke7 70. Nd5+ Kf8 71. Kf6 1-0